000 00675nam a2200217Ia 4500
001 20169
003 GE_BSU
008 181216s||||||||xx |||||||||||||| ||und||
040 _cGE_BSU
245 _aКлиническая медицина:CLINICAL MEDICINE .Том 94. №11, 2016.
245 _cГл. ред. В.Б.Симоненко.
260 _aПодольск
260 _bООО "Подольская периодика
260 _c2016
300 _a804-880 стр. 30см.
653 _aКлиническая медицина
653 _aПериодика
653 _aТом 94. №11, 2016.
653 _aპერიოდიკა
942 _cCR
999 _c53130
_d53130